Statystyki dla Najchętniej odwiedzane miasta w Polsce - Kolega Ignacy

Kliknij tutaj aby rozwiązać quiz!

Ogólne statystyki

  • Ten quiz został rozwiązany 1 603 razy
  • Średni wynik to 8 z 9

Statystyki odpowiedzi

HintOdpowiedź% Poprawnych
30%Warszawa
100%
16%Kraków
99%
16%Gdańsk
98%
8%Wrocław
94%
4%Poznań
91%
14%Katowice
81%
3%Łódź
81%
2%Lublin
71%
3%Rzeszów
59%

Rozkład punktacji

Percentyl według liczby udzielonych odpowiedzi

Procent ludzi z każdym wynikiem

Twoja historia wyników

Nie rozwiązałeś tego quizu